1199 1343 1425 1777 1464 1083 1706 1380 1156 1515 1765 1212 1529 1911 1647 1747 1759 1291 1654 1513 1505 1790 1943 1175 1296 1213 1931 1474 1947 1837 1928 1439 1673 1872 1798 1445 1981 1512 1404 1022 1378 1762 1660 1769 1620 1200 1189 1235 1369 1189 1491 1470 1868 1394 1670 1973 1651 1357 1971 1919 1731 1139 1758 1782 1481 1295 1604 1443 1747 1744 1253 1464 1452 1216 1947 1013 1252 1597 1527 1138 1348 1981 1197 1424 1261 1359 1885 1419 1645 1758 1769 1269 1924 1032 1243 1460 1603 1544 1865 BCNSPRNW ULIB Ver.6.0+V

เปลี่ยนเป็นภาษาไทย

Change to English
 แสดงรายละเอียดบรรณานุกรม
  กลับหน้าหลัก

Brief Record : Get Marc (ISO 2709) : E-mail record : QR code < ปิดหน้าต่าง
LEADER : 00000nam 2200000uu 4500
001    13399126959
003     ULIB
008    190917s2562||||th 000 0 tha d
020    ^a9786165306881
060 0  ^aQU146.JT3^bอ677
245 0   ^aอาหารผู้สูงอายุ /^cบริษัท สำนักพิมพ์แม่บ้าน จำกัด
250    ^aพิมพ์ครั้งที่ 1
260    ^aกรุงเทพฯ :^bบริษัท สำนักพิมพ์แม่บ้าน จำกัด,^c2562
300    ^a120 หน้า :^bภาพประกอบสี ;^c26 ซม.
650    ^aผู้สูงอายุ^xการดูแลและสุขวิทยา
650    ^aโภชนาการ^xในวัยชรา
650    ^aอาหารเพื่อสุขภาพ
945    ^p179^l0^i005988
945    ^p179^l0^i005987
945    ^p179^l0^i005989
945    ^p179^l0^i005991
945    ^p179^l0^i005990
999    ^aประนอม เกษจรัล
รายการนี้ยังไม่มีแท็ก
คุณยังไม่ได้ล็อกอิน คุณสามารถมีกิจกรรมร่วมกับเว็บไซต์ได้ แต่ต้องล็อกอินก่อน ::
  ล็อกอิน

รายการสื่อสารสนเทศ

ลำดับที่ ประเภท เลขเรียก/บาร์โค้ด สถานที่ สถานะ
1. วิทยาศาสตร์การแพทย์ และสุขภาพ
หนังสือสำรอง
สถานะ=หนังสือสำรอง
QU146.JT3 อ677 ฉ.1 
  Barcode: 005987
ห้องสมุดวิทยาเขตสวรรค์ประชารักษ์
►หนังสือทั่วไป
บนชั้น
2. วิทยาศาสตร์การแพทย์ และสุขภาพ
วิทยาศาสตร์การแพทย์ และสุขภาพ
QU146.JT3 อ677 ฉ.2 
  Barcode: 005988
ห้องสมุดวิทยาเขตสวรรค์ประชารักษ์
►หนังสือทั่วไป
บนชั้น
3. วิทยาศาสตร์การแพทย์ และสุขภาพ
วิทยาศาสตร์การแพทย์ และสุขภาพ
QU146.JT3 อ677 ฉ.3 
  Barcode: 005989
ห้องสมุดวิทยาเขตสวรรค์ประชารักษ์
►หนังสือทั่วไป
บนชั้น
4. วิทยาศาสตร์การแพทย์ และสุขภาพ
วิทยาศาสตร์การแพทย์ และสุขภาพ
QU146.JT3 อ677 ฉ.4 
  Barcode: 005990
ห้องสมุดวิทยาเขตสวรรค์ประชารักษ์
►หนังสือทั่วไป
บนชั้น
5. วิทยาศาสตร์การแพทย์ และสุขภาพ
วิทยาศาสตร์การแพทย์ และสุขภาพ
QU146.JT3 อ677 ฉ.5 
  Barcode: 005991
ห้องสมุดวิทยาเขตสวรรค์ประชารักษ์
►หนังสือทั่วไป
บนชั้น

รายการใกล้เคียง
    หัวเรื่อง [อาหารเพื่อสุขภาพ]

BibComment


ยังไม่เคยถูกคอมเมนท์

คอมเมนท์ทรัพยากรรายการนี้
  คอมเมนท์: อาหารผู้สูงอายุ..


 Copyright 2026. Bcnsprnw @Library